Gaetano Chierici: 1819-1886 nel centenario della morte
Gespeichert in:
| 1. Verfasser: | |
|---|---|
| Format: | Buch |
| Sprache: | Italienisch |
| Veröffentlicht: |
Reggio Emilia
Istituzioni Culturali Civici Musei
1986
|
| Ausgabe: | 1a. ed |
| Schlagworte: | |
| Tags: |
Tag hinzufügen
Keine Tags, Fügen Sie den ersten Tag hinzu!
|
MARC
| LEADER | 00000cam a2200000 a 4500 | ||
|---|---|---|---|
| 001 | UCD9321 | ||
| 003 | CL-VaPUC | ||
| 008 | 170616e19860000it |||||||||||||||||ita|d | ||
| 082 | 0 | 4 | |a 922 |b DES |2 21 |
| 100 | 0 | |a Desittere, Marcel |e author |9 593031 | |
| 245 | 1 | 0 | |a Gaetano Chierici: 1819-1886 nel centenario della morte |
| 250 | |a 1a. ed | ||
| 300 | |a 12 p | ||
| 942 | |c BK | ||
| 945 | |d 20170616 21:05:00 |a dcastane | ||
| 260 | |a Reggio Emilia |b Istituzioni Culturali Civici Musei |c 1986 | ||
| 650 | 0 | |a Biografías |9 255210 | |
| 650 | 7 | |a CLERIGOS |2 CL-VaPUC |9 399664 | |
| 583 | |a last modification |c 20170616 21:05:00 |k Rodrigo Vera | ||
| 999 | |c 368551 |d 368549 | ||
| 952 | |0 0 |1 0 |3 erb |4 0 |6 922_000000000000000_DES_1986 |7 0 |8 A |9 483905 |a FDOLAF |b FDOLAF |e Laffi, Umberto, 1939- |i 5397421 |o 922 DES 1986 |p 5397421 |r 2024-01-30 |w 2019-11-24 |y BK |z Catalogado en:20170616 |k LAF | ||